| 000 | 00331nam a2200133Ia 4500 | ||
|---|---|---|---|
| 005 | 20251222155047.0 | ||
| 008 | 251222s9999||||xx |||||||||||||| ||spa|| | ||
| 082 | _aREL.178 | ||
| 100 | _aAdministracao hospitalar. | ||
| 245 | 0 | _aCentro Universitario Sao Camilo V7 nÂș2 | |
| 250 | _a1ra. ed. | ||
| 264 | _bSao Camilo | ||
| 942 | _cLIB | ||
| 999 |
_c37123 _d37123 |
||